| 000 | 01192nam a2200217 a 4500 | ||
|---|---|---|---|
| 001 | BRCA_5678 | ||
| 005 | 20190320205158.0 | ||
| 008 | 180211s1951----mx-#######---#000-0#spa-# | ||
| 041 | _aspa | ||
| 050 | 4 | _bH57 1951 | |
| 245 | 1 | 0 |
_aHistoria mexicana _cEl Colegio de México. |
| 260 |
_aMéxico _bEl Colegio de México _c1951 |
||
| 300 | _a80 fascículos | ||
| 440 | 0 |
_aRevista Mexicana _nNª1, Nª2, Nª3, Nª4, Nª5, Nª6, Nª7, Nª8, Nª9, Nª10, Nª11, Nª12, Nª13, Nª14, Nª15, Nª16, Nª17, Nª18, Nª19, Nª20, Nª21, Nª21, Nª22, Nª23, Nª24, Nª25, Nª26, Nª27, Nª28, Nª29, Nª30, Nª31, Nª32, Nª33, Nª34, Nª35, Nª36, Nª37, Nª38, Nª39, Nª40, Nª41, Nª42, Nª43, Nª44, Nª45, Nª46, Nª47, Nª48, Nª50, Nª51,Nª52, Nª53, Nª54, Nª55, Nª56, Nª57, Nª58, Nª59, Nª60, Nª61, Nª62, Nª63, Nª64, Nª65, Nª66, Nª67, Nª68, Nª69, Nª70, Nª71, Nª72, Nª73, Nª74, Nª75, Nª76, Nª77, Nª78, Nª79, Nª80 _914428 |
|
| 500 | _aEl ejemplar Nª6 está duplicado; falta el Ejemplar Nª49; índice. | ||
| 500 | _aRevista inventariada por Banco de México como libro | ||
| 500 | _aF148 | ||
| 650 | 1 | 4 |
_aHistoria _zMéxico _910416 |
| 902 | _aGFM | ||
| 942 |
_2lcc _cB |
||
| 999 |
_c5371 _d5371 |
||